[Event "Tata Steel Chess 2012 GM-C"]
[Site "Wijk aan Zee NED"]
[Date "2012.01.22"]
[Round "8.1"]
[White "Hopman, Pieter"]
[Black "Ootes, Lars"]
[Result "0-1"]
[WhiteElo "2342"]
[BlackElo "2326"]
[PlyCount "136"]
[EventDate "2012.01.14"]
[EventType "tourn"]
[EventRounds "13"]
[EventCountry "NED"]
[EventCategory "9"]
[Source "lmi"]
[SourceDate "2012.01.14"]

1. Nf3 g6 2. d4 Bg7 3. c4 Nf6 4. Nc3 O-O 5. e4 d6 6. h3 e5 7. dxe5 dxe5 8. Be3
Nbd7 9. c5 c6 10. Bc4 Qa5 11. Qb1 Nxc5 12. b4 Qa3 13. Bd2 b5 14. Be2 Ne6 15.
O-O Nd4 16. Rc1 Nxf3+ 17. Bxf3 Be6 18. Be2 Rfd8 19. Qc2 Rac8 20. Nb1 Qa6 21. a4
Qb7 22. Be3 a6 23. Nd2 Bf8 24. Qb2 Nd7 25. Ra3 a5 26. axb5 Bxb4 27. bxc6 Rxc6
28. Raa1 Rdc8 29. Nf3 Qb8 30. Ng5 Bc4 31. Bxc4 Rxc4 32. Rxc4 Rxc4 33. Qb3 Qc7
34. Nxf7 Kg7 35. Ng5 Nf8 36. Kh2 h6 37. Nf3 Ne6 38. Rd1 Nd4 39. Bxd4 exd4+ 40.
e5 Bc3 41. Qb5 Rc5 42. Qa6 Rxe5 43. Nxe5 Qxe5+ 44. Kg1 h5 45. h4 Qe4 46. g3 Kh6
47. Rd3 Kg7 48. Qa7+ Kh6 49. Qb8 Kg7 50. Qc7+ Kh6 51. Qc4 Kg7 52. Kh2 Qb7 53.
Qe6 a4 54. Qe5+ Kh7 55. g4 hxg4 56. Rg3 Qf7 57. Rxg4 Qxf2+ 58. Kh3 Qf3+ 59. Kh2
Qf2+ 60. Kh1 Qf3+ 61. Kh2 d3 62. Qg5 Qe2+ 63. Kg1 Qe6 64. Rxa4 Qe1+ 65. Kg2
Qe2+ 66. Kh3 d2 67. h5 Qe6+ 68. Kg3 d1=Q 0-1

[Event "Tata Steel Chess 2012 GM-C"]
[Site "Wijk aan Zee NED"]
[Date "2012.01.22"]
[Round "8.2"]
[White "Tikkanen, Hans"]
[Black "Haast, Anne"]
[Result "1-0"]
[WhiteElo "2549"]
[BlackElo "2290"]
[PlyCount "135"]
[EventDate "2012.01.14"]
[EventType "tourn"]
[EventRounds "13"]
[EventCountry "NED"]
[EventCategory "9"]
[Source "lmi"]
[SourceDate "2012.01.14"]

1. Nf3 d5 2. c4 dxc4 3. Na3 c5 4. Nxc4 Nc6 5. g3 g6 6. Nce5 Nxe5 7. Nxe5 Qd4 8.
Nf3 Qb4 9. a3 Qa5 10. b4 cxb4 11. Bb2 Nf6 12. Qb3 Be6 13. Qxb4 Qxb4 14. axb4
Bd5 15. Bg2 Bg7 16. Ra5 e6 17. O-O O-O 18. Rfa1 a6 19. b5 Bc4 20. Be5 Nd5 21.
Bxg7 Kxg7 22. Nd4 Rad8 23. bxa6 bxa6 24. Bxd5 Rxd5 25. Rxd5 Bxd5 26. Rxa6 Rb8
27. f3 Rb2 28. d3 e5 29. Ra5 exd4 30. Rxd5 Rxe2 31. Rxd4 Rd2 32. h4 h5 33. Kf1
Kf6 34. Ke1 Rg2 35. Rf4+ Ke6 36. Re4+ Kf6 37. d4 Ra2 38. Re2 Ra4 39. Rd2 Ke6
40. Ke2 Kd5 41. Ke3 f6 42. Rd3 Ra1 43. Rb3 Re1+ 44. Kf4 Rf1 45. Rb6 g5+ 46. Ke3
gxh4 47. gxh4 Re1+ 48. Kf4 Kxd4 49. Rd6+ Kc5 50. Rxf6 Kd5 51. Kg5 Re8 52. f4
Rh8 53. f5 Rg8+ 54. Rg6 Rf8 55. Re6 Rh8 56. Re7 Kd6 57. f6 Rf8 58. Kg6 Rg8+ 59.
Kxh5 Rh8+ 60. Kg5 Rg8+ 61. Rg7 Ra8 62. h5 Ra1 63. h6 Rg1+ 64. Kf5 Rf1+ 65. Kg6
Rg1+ 66. Kf7 Rh1 67. h7 Ke5 68. Kg8 1-0

[Event "Tata Steel Chess 2012 GM-C"]
[Site "Wijk aan Zee NED"]
[Date "2012.01.22"]
[Round "8.3"]
[White "Grover, Sahaj"]
[Black "Schut, Lisa"]
[Result "1-0"]
[WhiteElo "2532"]
[BlackElo "2290"]
[PlyCount "47"]
[EventDate "2012.01.14"]
[EventType "tourn"]
[EventRounds "13"]
[EventCountry "NED"]
[EventCategory "9"]
[Source "lmi"]
[SourceDate "2012.01.14"]

1. d4 Nf6 2. c4 g6 3. Nc3 d5 4. Bg5 Ne4 5. Bh4 Nxc3 6. bxc3 dxc4 7. e3 Be6 8.
Nf3 c5 9. Be2 Bg7 10. O-O O-O 11. Rb1 Bd5 12. Qc2 cxd4 13. Nxd4 Bxd4 14. cxd4
Nc6 15. Rfd1 f6 16. Rxb7 Qc8 17. Bxc4 Rd8 18. Rb5 Bxc4 19. Qxc4+ Kh8 20. Rc1
Qg4 21. Bxf6+ exf6 22. Qxc6 Rac8 23. Qxf6+ Kg8 24. Rbc5 1-0

[Event "Tata Steel Chess 2012 GM-C"]
[Site "Wijk aan Zee NED"]
[Date "2012.01.22"]
[Round "8.4"]
[White "Sadler, Matthew D"]
[Black "Turov, Maxim"]
[Result "1/2-1/2"]
[WhiteElo "2660"]
[BlackElo "2645"]
[PlyCount "61"]
[EventDate "2012.01.14"]
[EventType "tourn"]
[EventRounds "13"]
[EventCountry "NED"]
[EventCategory "9"]
[Source "lmi"]
[SourceDate "2012.01.14"]

1. d4 Nf6 2. c4 e6 3. Nc3 Bb4 4. e3 c5 5. Bd3 O-O 6. Nf3 d5 7. O-O Nc6 8. a3
Ba5 9. cxd5 exd5 10. dxc5 Bxc3 11. bxc3 Bg4 12. c4 Ne5 13. Bb2 Nxf3+ 14. gxf3
Bh3 15. cxd5 Ne4 16. f4 Qxd5 17. Qf3 Qxd3 18. Qxh3 Nxc5 19. Rad1 Qg6+ 20. Qg3
Rfd8 21. f5 Qxg3+ 22. hxg3 f6 23. Kg2 Kf7 24. Kf3 b6 25. Bd4 Nb3 26. Bc3 Rac8
27. Rxd8 Rxd8 28. Rb1 Nd2+ 29. Bxd2 Rxd2 30. Rc1 Ke7 31. Rc7+ 1/2-1/2

[Event "Tata Steel Chess 2012 GM-C"]
[Site "Wijk aan Zee NED"]
[Date "2012.01.22"]
[Round "8.5"]
[White "Tania, Sachdev"]
[Black "Danielian, Elina"]
[Result "1/2-1/2"]
[WhiteElo "2411"]
[BlackElo "2490"]
[PlyCount "102"]
[EventDate "2012.01.14"]
[EventType "tourn"]
[EventRounds "13"]
[EventCountry "NED"]
[EventCategory "9"]
[Source "lmi"]
[SourceDate "2012.01.14"]

1. d4 d5 2. c4 dxc4 3. Nf3 Nf6 4. e3 e6 5. Bxc4 c5 6. O-O a6 7. Bb3 b5 8. a4 b4
9. e4 Bb7 10. Nbd2 Be7 11. e5 Nfd7 12. Nc4 cxd4 13. Nxd4 Nc5 14. Qg4 Kf8 15.
Rd1 Nbd7 16. Bf4 Bd5 17. Qe2 h5 18. Bc2 g6 19. Nb3 Nxb3 20. Bxb3 Nc5 21. Bc2 b3
22. Bd3 Qc7 23. Rac1 Nxd3 24. Qxd3 Kg7 25. Ne3 Bc6 26. Qc3 Rhc8 27. Rd6 Qb7 28.
Rxc6 Rxc6 29. Qxc6 Qxc6 30. Rxc6 g5 31. Bg3 h4 32. Rb6 hxg3 33. hxg3 Rc8 34.
Rxb3 Rc1+ 35. Kh2 Ra1 36. Rb7 Bc5 37. b3 Ra2 38. Rc7 Bd4 39. Ng4 Bxf2 40. Nxf2
Rxf2 41. Rc6 Rb2 42. Rb6 g4 43. Rb4 Kh6 44. Rxg4 Rxb3 45. Rc4 Ra3 46. Kg1 Kg5
47. Rf4 Kg6 48. Kf2 Ra2+ 49. Kf3 Ra3+ 50. Kf2 Ra2+ 51. Kf3 Ra3+ 1/2-1/2

[Event "Tata Steel Chess 2012 GM-C"]
[Site "Wijk aan Zee NED"]
[Date "2012.01.22"]
[Round "8.6"]
[White "Paehtz, Elisabeth"]
[Black "Goudriaan, Etienne"]
[Result "1-0"]
[WhiteElo "2454"]
[BlackElo "2279"]
[PlyCount "97"]
[EventDate "2012.01.14"]
[EventType "tourn"]
[EventRounds "13"]
[EventCountry "NED"]
[EventCategory "9"]
[Source "lmi"]
[SourceDate "2012.01.14"]

1. d4 Nf6 2. Nf3 g6 3. c4 Bg7 4. g3 O-O 5. Bg2 d6 6. O-O Nc6 7. Nc3 a6 8. b3
Rb8 9. Nd5 Nh5 10. Bb2 e6 11. Nc3 b5 12. Rb1 bxc4 13. bxc4 Rb4 14. Qd3 Na5 15.
Ba3 Rxb1 16. Rxb1 Re8 17. Nd2 Bd7 18. c5 dxc5 19. Bxc5 Qc8 20. e4 Nb7 21. Ba3
Nd6 22. e5 Nb5 23. Bc5 f6 24. f4 Nxc3 25. Qxc3 Bb5 26. Qe3 Bh6 27. Ne4 fxe5 28.
dxe5 Qd7 29. Bf3 Qd3 30. Qxd3 Bxd3 31. Rd1 Bxe4 32. Bxe4 Bf8 33. Bxf8 Kxf8 34.
Rd4 Ng7 35. Ra4 Rd8 36. Rxa6 Rd4 37. Bc6 Rd2 38. a4 Nf5 39. Ra8+ Ke7 40. Re8+
Kf7 41. Rc8 Rd1+ 42. Kg2 Rd2+ 43. Kh3 h5 44. Rxc7+ Kf8 45. Be4 h4 46. Bxf5 hxg3
47. hxg3 gxf5 48. a5 Rd1 49. a6 1-0

[Event "Tata Steel Chess 2012 GM-C"]
[Site "Wijk aan Zee NED"]
[Date "2012.01.25"]
[Round "10.1"]
[White "Hopman, Pieter"]
[Black "Tikkanen, Hans"]
[Result "1-0"]
[WhiteElo "2342"]
[BlackElo "2549"]
[PlyCount "81"]
[EventDate "2012.01.14"]
[EventType "tourn"]
[EventRounds "13"]
[EventCountry "NED"]
[EventCategory "9"]
[Source "lmi"]
[SourceDate "2012.01.14"]

1. d4 Nf6 2. Nf3 d5 3. c4 c6 4. e3 Bg4 5. Qb3 Qb6 6. Nc3 e6 7. Nh4 Bh5 8. h3 g5
9. Nf3 h6 10. g4 Bg6 11. h4 Rg8 12. hxg5 hxg5 13. c5 Qc7 14. Ne5 Bh7 15. Bd2
Nbd7 16. Be2 Rg7 17. Nxd7 Nxd7 18. Qa4 e5 19. b4 f6 20. O-O-O b6 21. Kb2 bxc5
22. bxc5 a5 23. Ka1 Rb8 24. Qa3 Bc2 25. Rc1 Rh7 26. Rhf1 Bg6 27. Na4 Rh4 28.
Bd3 Bxd3 29. Qxd3 e4 30. Qe2 Bg7 31. Rb1 Kf7 32. Rxb8 Qxb8 33. Rb1 Qc7 34. Qa6
Kg6 35. Bxa5 Qh2 36. Qxc6 Nf8 37. Qxd5 Rxg4 38. c6 Rg1 39. Nc3 Rxb1+ 40. Nxb1
Qxf2 41. c7 1-0

[Event "Tata Steel Chess 2012 GM-C"]
[Site "Wijk aan Zee NED"]
[Date "2012.01.25"]
[Round "10.3"]
[White "Sadler, Matthew D"]
[Black "Haast, Anne"]
[Result "1-0"]
[WhiteElo "2660"]
[BlackElo "2290"]
[PlyCount "69"]
[EventDate "2012.01.14"]
[EventType "tourn"]
[EventRounds "13"]
[EventCountry "NED"]
[EventCategory "9"]
[Source "lmi"]
[SourceDate "2012.01.14"]

1. e4 c5 2. Nf3 e6 3. c3 d5 4. e5 d4 5. Bd3 Nc6 6. O-O Nge7 7. Re1 Ng6 8. g3
Qc7 9. Qe2 a6 10. b4 dxc3 11. bxc5 c2 12. Na3 Bxc5 13. Nxc2 b5 14. Be4 Bb7 15.
d4 Bb6 16. h4 Na5 17. h5 Ne7 18. h6 g6 19. Bg5 Nc4 20. Nb4 Rc8 21. Red1 Ba5 22.
d5 Nxd5 23. Nxd5 Bxd5 24. Bxd5 exd5 25. Rxd5 O-O 26. Rad1 Rfe8 27. Qe4 Bc3 28.
Rd7 Qc6 29. Qf4 Qe6 30. Bf6 Qf5 31. Qxf5 gxf5 32. e6 Bxf6 33. exf7+ Kh8 34.
fxe8=Q+ Rxe8 35. Rf7 1-0

[Event "Tata Steel Chess 2012 GM-C"]
[Site "Wijk aan Zee NED"]
[Date "2012.01.25"]
[Round "10.5"]
[White "Paehtz, Elisabeth"]
[Black "Turov, Maxim"]
[Result "1/2-1/2"]
[WhiteElo "2454"]
[BlackElo "2645"]
[PlyCount "32"]
[EventDate "2012.01.14"]
[EventType "tourn"]
[EventRounds "13"]
[EventCountry "NED"]
[EventCategory "9"]
[Source "lmi"]
[SourceDate "2012.01.14"]

1. e4 c6 2. d4 d5 3. Nc3 dxe4 4. Nxe4 Nf6 5. Nxf6+ gxf6 6. Nf3 Bf5 7. g3 Qd5 8.
c3 Nd7 9. Bg2 Qc4 10. Qb3 Qa6 11. Be3 Nb6 12. Nd2 Bd3 13. Ne4 Nd7 14. Nd2 Nb6
15. Ne4 Nd7 16. Nd2 Nb6 1/2-1/2

[Event "Tata Steel Chess 2012 GM-C"]
[Site "Wijk aan Zee NED"]
[Date "2012.01.27"]
[Round "11.1"]
[White "Goudriaan, Etienne"]
[Black "Hopman, Pieter"]
[Result "1/2-1/2"]
[WhiteElo "2279"]
[BlackElo "2342"]
[PlyCount "123"]
[EventDate "2012.01.14"]
[EventType "tourn"]
[EventRounds "13"]
[EventCountry "NED"]
[EventCategory "9"]
[Source "lmi"]
[SourceDate "2012.01.14"]

1. d4 d6 2. g3 g6 3. Bg2 Bg7 4. c4 e5 5. dxe5 dxe5 6. Qxd8+ Kxd8 7. Nc3 c6 8.
Bg5+ Kc7 9. O-O-O f6 10. Be3 Be6 11. f4 Nd7 12. Nf3 Nh6 13. b3 Rhe8 14. fxe5
Ng4 15. Bg1 Ndxe5 16. Nxe5 Nxe5 17. h3 f5 18. Kc2 Nf7 19. Bf2 b6 20. a4 Nd6 21.
Bf3 Ne4 22. Bd4 Bxd4 23. Rxd4 Nxg3 24. Rhd1 Ne4 25. Nxe4 fxe4 26. Bxe4 Bxh3 27.
Kc3 Re7 28. Bf3 Rd7 29. Rh1 Rxd4 30. Kxd4 Rd8+ 31. Ke5 Re8+ 32. Kf6 Re6+ 33.
Kf7 Bf5 34. e4 Rxe4 35. Bxe4 Bxe4 36. Rxh7 Kd6 37. Kf6 a5 38. Rh2 Bf5 39. Rf2
Kc5 40. Ke7 b5 41. cxb5 cxb5 42. axb5 Kxb5 43. Kf6 Kb4 44. Ra2 Bd3 45. Ke5 Bb5
46. Kd4 Bd7 47. Ra1 g5 48. Kd3 g4 49. Kc2 Bc6 50. Rd1 g3 51. Rd4+ Kc5 52. Rg4
g2 53. Kc3 Bd5 54. Rg5 Kb6 55. Kd4 Bb7 56. Rg7 Bc6 57. Rg6 Kb5 58. Kc3 Kc5 59.
Rg5+ Bd5 60. Rg7 Bc6 61. Rg6 Bb7 62. Rg5+ 1/2-1/2

[Event "Tata Steel Chess 2012 GM-C"]
[Site "Wijk aan Zee NED"]
[Date "2012.01.27"]
[Round "11.3"]
[White "Turov, Maxim"]
[Black "Brandenburg, Daan"]
[Result "1/2-1/2"]
[WhiteElo "2645"]
[BlackElo "2527"]
[PlyCount "88"]
[EventDate "2012.01.14"]
[EventType "tourn"]
[EventRounds "13"]
[EventCountry "NED"]
[EventCategory "9"]
[Source "lmi"]
[SourceDate "2012.01.14"]

1. c4 e5 2. Nc3 Nf6 3. g3 d5 4. cxd5 Nxd5 5. Bg2 Nb6 6. e3 Be7 7. Nge2 O-O 8.
O-O f5 9. d4 exd4 10. exd4 Bf6 11. d5 N8d7 12. Nf4 Ne5 13. Re1 Re8 14. Nh5 Bd7
15. Nxf6+ Qxf6 16. b3 Ng4 17. Bd2 Qd4 18. Rxe8+ Rxe8 19. Be1 Qe5 20. Qd2 Nf6
21. Rd1 f4 22. h3 Qh5 23. g4 Nxg4 24. Qxf4 Ne5 25. Qg3 Rf8 26. f4 Ng6 27. Qg5
Nxf4 28. Qxh5 Nxh5 29. Ne2 Re8 30. Kf2 Rf8+ 31. Kg1 Re8 32. Kf2 Nf6 33. Nc3 Kf7
34. Bd2 c6 35. dxc6 Bxc6 36. Bf1 Rd8 37. Be2 h6 38. Be3 Rxd1 39. Bxd1 Nbd5 40.
Nxd5 Nxd5 41. Bxa7 Nc3 42. Bh5+ g6 43. Be2 Bd5 44. Be3 Nxe2 1/2-1/2

[Event "Tata Steel Chess 2012 GM-C"]
[Site "Wijk aan Zee NED"]
[Date "2012.01.27"]
[Round "11.4"]
[White "Schut, Lisa"]
[Black "Paehtz, Elisabeth"]
[Result "0-1"]
[WhiteElo "2290"]
[BlackElo "2454"]
[PlyCount "118"]
[EventDate "2012.01.14"]
[EventType "tourn"]
[EventRounds "13"]
[EventCountry "NED"]
[EventCategory "9"]
[Source "lmi"]
[SourceDate "2012.01.14"]

1. e4 e5 2. Nf3 Nc6 3. Bb5 a6 4. Ba4 Nf6 5. O-O Be7 6. Re1 b5 7. Bb3 d6 8. c3
O-O 9. h3 Na5 10. Bc2 c5 11. d4 Qc7 12. Nbd2 Bd7 13. Nf1 Nc4 14. a4 cxd4 15.
cxd4 Rfc8 16. Re2 Rab8 17. b3 Na5 18. Ba3 Bf8 19. Bd3 bxa4 20. Rc1 Qb7 21. Rxc8
Qxc8 22. dxe5 dxe5 23. Bxf8 Qxf8 24. bxa4 Qd6 25. Bc2 Qxd1 26. Bxd1 Nc6 27. Rd2
Rb4 28. Bc2 Kf8 29. Ne3 Be8 30. Nd5 Rb2 31. Nxf6 gxf6 32. Kf1 Ke7 33. Ke2 Rb4
34. Rd5 Rc4 35. Bd1 Rxe4+ 36. Kd3 Rb4 37. Kc3 Rb1 38. Bc2 Rc1 39. Rd2 h5 40.
Kb2 Rh1 41. Bd1 a5 42. Kc3 f5 43. Kc4 e4 44. Nd4 Ne5+ 45. Kd5 Kf6 46. Bxh5 Nd3
47. Bd1 Rf1 48. Bc2 Nxf2 49. Kd6 e3 50. Re2 f4 51. g3 Bxa4 52. Bxa4 Ne4+ 53.
Kc6 Nc3 54. gxf4 Nxe2 55. Nxe2 Rf2 56. Bb5 a4 57. Nc3 Rc2 58. Kd5 Rxc3 59. Kd4
Rb3 0-1

[Event "Tata Steel Chess 2012 GM-C"]
[Site "Wijk aan Zee NED"]
[Date "2012.01.27"]
[Round "11.5"]
[White "Haast, Anne"]
[Black "Tania, Sachdev"]
[Result "0-1"]
[WhiteElo "2290"]
[BlackElo "2411"]
[PlyCount "80"]
[EventDate "2012.01.14"]
[EventType "tourn"]
[EventRounds "13"]
[EventCountry "NED"]
[EventCategory "9"]
[Source "lmi"]
[SourceDate "2012.01.14"]

1. e4 c5 2. Nf3 e6 3. d4 cxd4 4. Nxd4 a6 5. c4 Nf6 6. Nc3 Bb4 7. Bd3 Nc6 8. O-O
Qc7 9. Be3 Ne5 10. Nf3 Nfg4 11. Bf4 Bd6 12. Nxe5 Nxe5 13. Bg3 h5 14. Qd2 h4 15.
Bxe5 Bxe5 16. f4 Bd4+ 17. Kh1 h3 18. g3 b6 19. Be2 Bc5 20. Bf3 Bb7 21. a3 Be7
22. Rac1 Rc8 23. Ne2 Rg8 24. Rcd1 Qd8 25. Qd3 Rc7 26. Nc3 Qc8 27. Na4 b5 28.
cxb5 axb5 29. Nb6 Qd8 30. Qxb5 g5 31. fxg5 Rxg5 32. Qd3 Rgc5 33. Na4 Ra5 34.
Qd4 e5 35. Qb6 Rxa4 36. Qb5 Rxe4 37. Qd3 Rd4 38. Qe2 Rxd1 39. Qxd1 Qa8 40. Kg1
Bc5+ 0-1

[Event "Tata Steel Chess 2012 GM-C"]
[Site "Wijk aan Zee NED"]
[Date "2012.01.27"]
[Round "11.6"]
[White "Ootes, Lars"]
[Black "Sadler, Matthew D"]
[Result "1/2-1/2"]
[WhiteElo "2326"]
[BlackElo "2660"]
[PlyCount "175"]
[EventDate "2012.01.14"]
[EventType "tourn"]
[EventRounds "13"]
[EventCountry "NED"]
[EventCategory "9"]
[Source "lmi"]
[SourceDate "2012.01.14"]

1. e4 e6 2. d4 d5 3. Nc3 Nf6 4. e5 Nfd7 5. f4 c5 6. Nf3 Nc6 7. Be3 cxd4 8. Nxd4
Bc5 9. Qd2 O-O 10. O-O-O a6 11. Nb3 b6 12. h4 Bb7 13. h5 Rc8 14. Rh3 Bb4 15. h6
g6 16. a3 Be7 17. Na4 Qc7 18. Qf2 b5 19. Nb6 Rcd8 20. Nxd7 Qxd7 21. Bb6 Rde8
22. Re3 f6 23. exf6 Bxf6 24. g3 Bc8 25. Bg2 Ne7 26. Bc5 Nf5 27. Bxf8 Nxe3 28.
Qxe3 Rxf8 29. Kb1 Qd6 30. Nc1 b4 31. axb4 Qxb4 32. Nd3 Qd4 33. Qxd4 Bxd4 34.
Re1 a5 35. c3 Bb6 36. Kc2 Kf7 37. Ne5+ Ke7 38. Nd3 Kd6 39. Bh3 Rg8 40. Re5 Bd8
41. c4 Bf6 42. c5+ Ke7 43. Re1 a4 44. Nb4 Kf7 45. Ra1 Bd7 46. c6 Bxc6 47. Nxc6
Rc8 48. Rxa4 Rxc6+ 49. Kd2 g5 50. f5 e5 51. Ra7+ Be7 52. Bg2 e4 53. Rd7 Rd6 54.
Rxd6 Bxd6 55. Kc3 Bc5 56. b4 Bb6 57. Bh3 Kf6 58. Bg4 Ke5 59. Kd2 d4 60. Kc2 d3+
61. Kc3 Bf2 62. Kc4 Bxg3 63. f6 Kxf6 64. Kd4 Kg6 65. Kxe4 d2 66. b5 Kxh6 67.
Kf5 Bc7 68. Kf6 Bb6 69. Kf5 Bd8 70. Ke4 Bc7 71. Kd3 Bf4 72. b6 Kg6 73. b7 h5
74. Bd1 g4 75. b8=Q Bxb8 76. Kxd2 Kg5 77. Ke1 Kh4 78. Kf2 Kh3 79. Kg1 Ba7+ 80.
Kh1 Kg3 81. Bb3 Kf2 82. Be6 Kf3 83. Bd7 Kg3 84. Be6 Kf2 85. Bd7 g3 86. Bh3 Kf3
87. Bf1 h4 88. Bh3 1/2-1/2

[Event "Tata Steel Chess 2012 GM-C"]
[Site "Wijk aan Zee NED"]
[Date "2012.01.28"]
[Round "12.1"]
[White "Hopman, Pieter"]
[Black "Grover, Sahaj"]
[Result "1/2-1/2"]
[WhiteElo "2342"]
[BlackElo "2532"]
[PlyCount "63"]
[EventDate "2012.01.14"]
[EventType "tourn"]
[EventRounds "13"]
[EventCountry "NED"]
[EventCategory "9"]
[Source "lmi"]
[SourceDate "2012.01.14"]

1. d4 e6 2. Nf3 Nf6 3. e3 b6 4. Bd3 Bb7 5. Nbd2 d5 6. Ne5 Nbd7 7. f4 c5 8. c3
g6 9. O-O Bg7 10. a4 a6 11. Qf3 O-O 12. b3 Nxe5 13. fxe5 Nd7 14. Qh3 Qe7 15.
Ba3 f6 16. exf6 Bxf6 17. b4 e5 18. bxc5 bxc5 19. Nb3 exd4 20. exd4 Qg7 21. Rab1
Rab8 22. Be2 Rfe8 23. Bg4 Bc6 24. Bxd7 Bxd7 25. Qf3 Bf5 26. Qxd5+ Qf7 27. Qxf7+
Kxf7 28. Rb2 cxd4 29. Nxd4 Bxd4+ 30. cxd4 Rxb2 31. Bxb2 Re2 32. Rf2 1/2-1/2

[Event "Tata Steel Chess 2012 GM-C"]
[Site "Wijk aan Zee NED"]
[Date "2012.01.28"]
[Round "12.3"]
[White "Tania, Sachdev"]
[Black "Ootes, Lars"]
[Result "0-1"]
[WhiteElo "2411"]
[BlackElo "2326"]
[PlyCount "106"]
[EventDate "2012.01.14"]
[EventType "tourn"]
[EventRounds "13"]
[EventCountry "NED"]
[EventCategory "9"]
[Source "lmi"]
[SourceDate "2012.01.14"]

1. d4 Nf6 2. c4 g6 3. Nc3 Bg7 4. e4 d6 5. f3 O-O 6. Nge2 c6 7. Be3 a6 8. c5
Nbd7 9. Nc1 b5 10. Be2 dxc5 11. dxc5 e5 12. O-O Qe7 13. Nd3 a5 14. a3 Nh5 15.
b4 Nf4 16. Kh1 Rd8 17. Qc2 Nf8 18. Rfd1 N8e6 19. Qb2 Nd4 20. Nxf4 exf4 21. Nd5
Rxd5 22. Bxd4 Rxd4 23. Rxd4 axb4 24. axb4 Rxa1+ 25. Qxa1 Qh4 26. Bf1 Bxd4 27.
Qxd4 Qe1 28. Qd8+ Kg7 29. Qd4+ Kh6 30. Kg1 Be6 31. e5 g5 32. Qe4 Qxe4 33. fxe4
Kg6 34. Kf2 f6 35. exf6 Kxf6 36. g3 Ke5 37. h4 h6 38. hxg5 hxg5 39. gxf4+ gxf4
40. Kf3 Bb3 41. Bd3 Bd1+ 42. Kf2 Kd4 43. Bb1 Bg4 44. Ba2 Kxe4 45. Bf7 Bd7 46.
Ke2 Kd4 47. Kf3 Ke5 48. Bb3 Bf5 49. Bd1 Be4+ 50. Kg4 Bd5 51. Be2 Bh1 52. Bd3
Kd4 53. Bf5 Ke3 0-1

[Event "Tata Steel Chess 2012 GM-C"]
[Site "Wijk aan Zee NED"]
[Date "2012.01.28"]
[Round "12.5"]
[White "Brandenburg, Daan"]
[Black "Schut, Lisa"]
[Result "1-0"]
[WhiteElo "2527"]
[BlackElo "2290"]
[PlyCount "63"]
[EventDate "2012.01.14"]
[EventType "tourn"]
[EventRounds "13"]
[EventCountry "NED"]
[EventCategory "9"]
[Source "lmi"]
[SourceDate "2012.01.14"]

1. e4 c5 2. c3 d5 3. exd5 Qxd5 4. d4 Nf6 5. Nf3 e6 6. Na3 Nc6 7. Be3 cxd4 8.
Nb5 Qd8 9. Nbxd4 Nxd4 10. Bxd4 Be7 11. Bd3 O-O 12. Qe2 Nd5 13. O-O Bd7 14. Qe4
g6 15. Ne5 f5 16. Qf3 Bc6 17. Rfe1 Qd6 18. Bc4 Bf6 19. Bb3 Rad8 20. Rad1 Qe7
21. Qg3 Bg7 22. Nxg6 hxg6 23. Qxg6 Be8 24. Rxe6 Bxg6 25. Rxe7 Bf7 26. Rxb7 Nf4
27. Kf1 Bxb3 28. Rxg7+ Kh8 29. Rd7+ Kg8 30. Rg7+ Kh8 31. Rxa7+ Kg8 32. axb3 1-0

[Event "Tata Steel Chess 2012 GM-C"]
[Site "Wijk aan Zee NED"]
[Date "2012.01.28"]
[Round "12.7"]
[White "Goudriaan, Etienne"]
[Black "Danielian, Elina"]
[Result "0-1"]
[WhiteElo "2279"]
[BlackElo "2490"]
[PlyCount "74"]
[EventDate "2012.01.14"]
[EventType "tourn"]
[EventRounds "13"]
[EventCountry "NED"]
[EventCategory "9"]
[Source "lmi"]
[SourceDate "2012.01.14"]

1. b3 c5 2. Bb2 d5 3. e3 Nf6 4. Nf3 a6 5. c4 e6 6. Be2 Nc6 7. cxd5 exd5 8. O-O
Bd6 9. d4 cxd4 10. Nxd4 O-O 11. Nd2 Re8 12. Rc1 Nxd4 13. Bxd4 Ba3 14. Ra1 Bf5
15. Nf3 Ne4 16. b4 Qd6 17. Rb1 Bxb4 18. Nh4 Be6 19. Bxg7 Nd2 20. Bf6 Nxb1 21.
Bd3 Bf5 22. Nxf5 Qxf6 23. Qg4+ Kh8 24. Qxb4 Nc3 25. Nd4 Ne4 26. Qxb7 Nc5 27.
Qb1 Rab8 28. Qd1 Nxd3 29. Qxd3 Rb2 30. Qa3 Reb8 31. Qa5 Rxf2 32. Rc1 Rfb2 33.
Qxd5 Qf2+ 34. Kh1 Qxe3 35. Rf1 Rb1 36. Qxf7 Rxf1+ 37. Qxf1 Qxd4 0-1

[Event "Tata Steel Chess 2012 GM-C"]
[Site "Wijk aan Zee NED"]
[Date "2012.01.29"]
[Round "13.1"]
[White "Danielian, Elina"]
[Black "Hopman, Pieter"]
[Result "1-0"]
[WhiteElo "2490"]
[BlackElo "2342"]
[PlyCount "71"]
[EventDate "2012.01.14"]
[EventType "tourn"]
[EventRounds "13"]
[EventCountry "NED"]
[EventCategory "9"]
[Source "lmi"]
[SourceDate "2012.01.14"]

1. d4 d6 2. Nf3 g6 3. c4 Bg7 4. g3 e5 5. Nc3 Nc6 6. dxe5 Nxe5 7. Nxe5 Bxe5 8.
Bg2 Ne7 9. Bg5 h6 10. Bd2 c6 11. O-O Be6 12. Qa4 Qc7 13. Nd5 Nxd5 14. cxd5 Bd7
15. dxc6 Bxc6 16. Rac1 d5 17. Qa3 Bd6 18. Qd3 Rd8 19. Bxd5 Be5 20. Bxc6+ bxc6
21. Qc2 h5 22. Bg5 Rd6 23. Rfd1 Rxd1+ 24. Rxd1 O-O 25. b3 Re8 26. Qe4 Qc8 27.
Qf3 Qe6 28. Rc1 Bg7 29. Be3 Qd5 30. Rxc6 Qa5 31. a4 h4 32. gxh4 Re7 33. Kg2 Qe1
34. h5 Qb1 35. hxg6 Qxb3 36. Rc8+ 1-0

[Event "Tata Steel Chess 2012 GM-C"]
[Site "Wijk aan Zee NED"]
[Date "2012.01.29"]
[Round "13.2"]
[White "Turov, Maxim"]
[Black "Goudriaan, Etienne"]
[Result "1-0"]
[WhiteElo "2645"]
[BlackElo "2279"]
[PlyCount "121"]
[EventDate "2012.01.14"]
[EventType "tourn"]
[EventRounds "13"]
[EventCountry "NED"]
[EventCategory "9"]
[Source "lmi"]
[SourceDate "2012.01.14"]

1. c4 e6 2. Nc3 d5 3. d4 c6 4. e4 dxe4 5. Nxe4 Bb4+ 6. Bd2 Qxd4 7. Bxb4 Qxe4+
8. Ne2 Na6 9. Bf8 Ne7 10. Bxg7 Rg8 11. Qd4 Qxd4 12. Bxd4 b6 13. Bc3 Bb7 14. Rd1
c5 15. Ng3 f5 16. Nh5 Kf7 17. Nf6 Rgd8 18. Be2 Nc6 19. f4 h6 20. Nd7 Nd4 21.
Ne5+ Kf8 22. a3 Nb8 23. Bxd4 cxd4 24. Kf2 Nc6 25. Nf3 a5 26. Rd2 Rd6 27. Bd1
Ba6 28. Ba4 Nd8 29. b3 Nb7 30. Rxd4 Rad8 31. Rhd1 Ke7 32. Ke3 Nc5 33. Ne5 Rxd4
34. Rxd4 Rxd4 35. Kxd4 Bb7 36. g3 h5 37. Nd3 Nxa4 38. bxa4 Kd6 39. c5+ bxc5+
40. Nxc5 Bd5 41. Nd3 Kc6 42. Ne5+ Kb6 43. Nc4+ Ka6 44. Kc5 Bf3 45. Nd6 Bd1 46.
Ne8 Bxa4 47. Ng7 Bd1 48. Nxe6 Bf3 49. Nc7+ Kb7 50. Ne8 Ka6 51. Nd6 Bg4 52. Kd5
Kb6 53. Ke5 Kc5 54. Nxf5 a4 55. Ne3 Bd7 56. f5 Be8 57. h3 Kc6 58. g4 h4 59. g5
Kb5 60. g6 Kc5 61. Nd5 1-0

[Event "Tata Steel Chess 2012 GM-C"]
[Site "Wijk aan Zee NED"]
[Date "2012.01.29"]
[Round "13.4"]
[White "Haast, Anne"]
[Black "Brandenburg, Daan"]
[Result "0-1"]
[WhiteElo "2290"]
[BlackElo "2527"]
[PlyCount "52"]
[EventDate "2012.01.14"]
[EventType "tourn"]
[EventRounds "13"]
[EventCountry "NED"]
[EventCategory "9"]
[Source "lmi"]
[SourceDate "2012.01.14"]

1. e4 c5 2. Nf3 d6 3. d4 cxd4 4. Nxd4 Nf6 5. Nc3 Nc6 6. Bg5 Bd7 7. Be2 e6 8.
Ndb5 Qb8 9. Bxf6 gxf6 10. a4 a6 11. Na3 Qc7 12. Bh5 Rg8 13. O-O Rg7 14. Qf3 Qa5
15. h4 Be7 16. Rfd1 Qc5 17. Ne2 O-O-O 18. Nf4 Rdg8 19. Kf1 Ne5 20. Qe2 Bxa4 21.
b3 Bc6 22. Rdb1 Qd4 23. f3 Bd8 24. Rd1 Qc5 25. c4 Bb6 26. Nh3 Rg3 0-1